Statistics for Countries with Most Contemporary Slavery

Click here to take the quiz!

General Stats

  • This quiz has been taken 107 times
  • The average score is 7 of 10

Answer Stats

# of slaves% of slavesCountry% Correct
14,000,0001.11%India
91%
2,900,0000.21%China
90%
2,100,0001.05%Pakistan
81%
343,000.20%Bangladesh
72%
701,000.38%Nigeria
68%
384,000.68%Burma
61%
516,000.36%Russia
60%
473,000.69%Thailand
53%
462,000.58%Democratic Republic of the Congo
50%
651,000.65%Ethiopia
44%

Score Distribution

Percentile by Number Answered

Percent of People with Each Score

Your Score History

You have not taken this quiz